Trade, growth, and poverty reduction : (Record no. 8961)

MARC details
000 -LEADER
fixed length control field 01382cam a2200361 a 4500
001 - CONTROL NUMBER
control field 16034928
003 - CONTROL NUMBER IDENTIFIER
control field OSt
005 - DATE AND TIME OF LATEST TRANSACTION
control field 20240627094503.0
008 - FIXED-LENGTH DATA ELEMENTS--GENERAL INFORMATION
fixed length control field 091228s2009 uk b 001 0 eng
010 ## - LIBRARY OF CONGRESS CONTROL NUMBER
LC control number 2009346684
020 ## - INTERNATIONAL STANDARD BOOK NUMBER
International Standard Book Number 9788171887668
020 ## - INTERNATIONAL STANDARD BOOK NUMBER
International Standard Book Number 817188766X
020 ## - INTERNATIONAL STANDARD BOOK NUMBER
International Standard Book Number 9780850928969 (paperback)
020 ## - INTERNATIONAL STANDARD BOOK NUMBER
International Standard Book Number 9781848590281 (ebook)
025 ## - OVERSEAS ACQUISITION NUMBER
Overseas acquisition number I-E-2009-346684; 79-91
037 ## - SOURCE OF ACQUISITION
Source of stock number/acquisition Library of Congress -- New Delhi Overseas Office
Terms of availability Rs695.00
040 ## - CATALOGING SOURCE
Original cataloging agency DLC
Transcribing agency must
Modifying agency DLC
042 ## - AUTHENTICATION CODE
Authentication code lcode
043 ## - GEOGRAPHIC AREA CODE
Geographic area code d------
082 ## - DEWEY DECIMAL CLASSIFICATION NUMBER
Classification number 381 SRI 2009
100 1# - MAIN ENTRY--PERSONAL NAME
Personal name Srinivasan, T. N.,
Dates associated with a name 1933-
9 (RLIN) 7583
245 10 - TITLE STATEMENT
Title Trade, growth, and poverty reduction :
Remainder of title least-developed countries, landlocked developing countries, and small states in the global economic system /
Statement of responsibility, etc. T.N. Srinivasan.
260 ## - PUBLICATION, DISTRIBUTION, ETC. (IMPRINT)
Place of publication, distribution, etc. London :
Name of publisher, distributor, etc. Commonwealth Secretariat ;
Place of publication, distribution, etc. New Delhi :
Name of publisher, distributor, etc. Academic Foundation,
Date of publication, distribution, etc. c2009.
300 ## - PHYSICAL DESCRIPTION
Extent 152 p. ;
Dimensions 25 cm.
504 ## - BIBLIOGRAPHY, ETC. NOTE
Bibliography, etc Includes bibliographical references (p. [139]-144) and index.
650 #0 - SUBJECT ADDED ENTRY--TOPICAL TERM
Topical term or geographic name as entry element Poverty
Geographic subdivision Developing countries.
9 (RLIN) 7525
650 #0 - SUBJECT ADDED ENTRY--TOPICAL TERM
Topical term or geographic name as entry element Globalization
General subdivision Economic aspects
Geographic subdivision Developing countries.
9 (RLIN) 1024
650 #0 - SUBJECT ADDED ENTRY--TOPICAL TERM
Topical term or geographic name as entry element International economic integration.
9 (RLIN) 1909
651 #0 - SUBJECT ADDED ENTRY--GEOGRAPHIC NAME
Geographic name Developing countries
General subdivision Commerce.
9 (RLIN) 17805
906 ## - LOCAL DATA ELEMENT F, LDF (RLIN)
a 7
b cbc
c origode
d 3
e ncip
f 20
g y-gencatlg
942 ## - ADDED ENTRY ELEMENTS (KOHA)
Source of classification or shelving scheme Dewey Decimal Classification
Koha item type Open Shelf
Holdings
Withdrawn status Lost status Source of classification or shelving scheme Damaged status Not for loan Home library Current library Date acquired Source of acquisition Inventory number Total Checkouts Full call number Barcode Date last seen Price effective from Koha item type
    Dewey Decimal Classification     MUST Main Library MUST Main Library 27/06/2024 donation 10/32597   381 SRI 2009 2024-21483 27/06/2024 27/06/2024 Open Shelf